[Event "Bolzano op 1st"]
[Site "Bolzano"]
[Date "2006.05.28"]
[Round "7"]
[White "Wieser, Josef"]
[Black "Wendel, Liu"]
[Result "1-0"]
[WhiteElo "1434"]
[BlackElo "1461"]
[PlyCount "63"]
[EventDate "2006.05.20"]
[EventType "swiss"]
[EventRounds "7"]
[EventCountry "ITA"]
[SourceTitle "EXT 2011"]
[Source "ChessBase"]
[SourceDate "2010.11.26"]
[SourceVersion "1"]
[SourceVersionDate "2010.11.26"]
[SourceQuality "1"]

1. e4 e5 2. Nf3 Nc6 3. Bc4 Bc5 4. d3 d6 5. 0-0 Bg4 6. Be3 b6 7. Bxc5 bxc5 8. Nbd2 Nf6 9. h3 Bh5 10. b3 0-0 11. c3 Ne7 12. Qc1 c6 13. d4 cxd4 14. cxd4 Qc7 15. dxe5 dxe5 16. Bb5 Rad8 17. Qc5 Rfe8 18. a3 Bxf3 19. Nxf3 Nxe4 20. Qc2 Nd6 21. Ba4 e4 22. Ne5 Rc8 23. Rac1 Red8 24. Nxc6 Ng6 25. b4 a6 26. Nxd8 Qxd8 27. Qd2 Qe7 28. Rfd1 Nc4 29. Qe2 Qe6 30. Bb3 Nf4 31. Qxc4 Rxc4 32. Rd8+ 1-0